[Event "US Open-94"]
[Site "Philadelphia"]
[Date "1993.??.??"]
[Round "?"]
[White "Dereviagin, Vladislav"]
[Black "Strenzwilk, Denis"]
[Result "1-0"]
[WhiteElo "2310"]
[BlackElo "2240"]
[PlyCount "93"]
[EventDate "1993.08.07"]
[EventType "swiss"]
[EventRounds "9"]
[EventCountry "USA"]
[SourceTitle "EXT 2004"]
[Source "ChessBase"]
[SourceDate "2003.11.25"]
[SourceVersion "1"]
[SourceVersionDate "2003.11.25"]
[SourceQuality "1"]

1. d4 d5 2. c4 e6 3. Nc3 Nf6 4. Bg5 c5 5. cxd5 Qb6 6. Bxf6 Qxb2 7. Qc1 Qxc1+ 8. Rxc1 gxf6 9. dxe6 fxe6 10. Ne4 Nd7 11. dxc5 f5 12. Nd6+ Ke7 13. e4 Bh6 14. Rc2 b6 15. Nf3 Nxc5 16. Nxc8+ Raxc8 17. exf5 Ne4 18. Bd3 Rxc2 19. Bxc2 Rc8 20. Bxe4 Rc1+ 21. Ke2 Rxh1 22. fxe6 Kxe6 23. Bxh7 Ra1 24. Bg8+ Kf6 25. g4 Rb1 26. h4 Rb2+ 27. Kd3 Bf8 28. Nd2 Bb4 29. Ne4+ Kg7 30. Be6 Be1 31. Ke3 Rb4 32. Bd5 Rb5 33. Bb3 Rb4 34. h5 a5 35. f4 a4 36. Be6 Rb2 37. g5 b5 38. f5 b4 39. f6+ Kh8 40. g6 Rg2 41. h6 Bd2+ 42. Nxd2 Rxg6 43. f7 Rf6 44. Ne4 Rxf7 45. Bxf7 Kh7 46. Nc5 b3 47. Nxb3 1-0

[Event "Stockerau op U18"]
[Site "Stockerau"]
[Date "1991.??.??"]
[Round "?"]
[White "Biriukov, Ilja"]
[Black "Dereviagin, Vladislav"]
[Result "0-1"]
[WhiteElo "2420"]
[BlackElo "2260"]
[PlyCount "120"]
[EventDate "1991.??.??"]
[EventType "swiss"]
[EventRounds "9"]
[EventCountry "AUT"]
[SourceTitle "EXT 1997"]
[Source "ChessBase"]
[SourceDate "1996.11.15"]
[SourceVersion "1"]
[SourceVersionDate "1996.11.15"]
[SourceQuality "1"]

1. d4 Nf6 2. c4 g6 3. Nc3 d5 4. cxd5 Nxd5 5. e4 Nxc3 6. bxc3 Bg7 7. Be3 c5 8. Qd2 0-0 9. Nf3 Qa5 10. Rb1 a6 11. Rc1 Rd8 12. Bh6 Bh8 13. Bc4 e6 14. Qf4 b5 15. Ng5 Ra7 16. Bb3 Nc6 17. e5 Rxd4 18. Ne4 Bxe5 19. Qf3 Rxe4+ 20. Qxe4 Bxc3+ 21. Kf1 Bd7 22. h4 c4 23. Bc2 f5 24. Qe3 Bd4 25. Qh3 Qb6 26. h5 Be8 27. hxg6 Bxg6 28. g4 fxg4 29. Qxg4 Ne5 30. Qg3 Rf7 31. Bf4 Bxf2 32. Qxf2 Qxf2+ 33. Kxf2 Bxc2 34. Kg3 Nd3 35. Rxc2 Rxf4 36. Rh6 Kf7 37. Rxh7+ Kf6 38. Ra7 Rf5 39. Re2 Nc5 40. Rc7 c3 41. a3 a5 42. Rh2 b4 43. axb4 axb4 44. Kg4 Ne4 45. Rb7 Nf2+ 46. Rxf2 Rxf2 47. Rxb4 Ke5 48. Rc4 c2 49. Kg3 Kd5 50. Rc8 Rd2 51. Kf3 Kd4 52. Rd8+ Kc3 53. Rc8+ Kb2 54. Rb8+ Kc1 55. Rg8 Rd3+ 56. Ke2 Kb2 57. Kxd3 c1Q 58. Rb8+ Ka3 59. Ra8+ Kb4 60. Rb8+ Ka5 0-1

[Event "Vienna op"]
[Site "Vienna"]
[Date "1991.??.??"]
[Round "3"]
[White "Dereviagin, Vladislav"]
[Black "Blatny, Pavel"]
[Result "0-1"]
[WhiteElo "2265"]
[BlackElo "2480"]
[PlyCount "80"]
[EventDate "1991.10.??"]
[EventType "swiss"]
[EventRounds "9"]
[EventCountry "AUT"]
[SourceTitle "EXT 2000"]
[Source "ChessBase"]
[SourceDate "1999.11.16"]
[SourceVersion "1"]
[SourceVersionDate "1999.11.16"]
[SourceQuality "1"]

1. d4 Nf6 2. c4 d6 3. Nc3 Nbd7 4. e4 e5 5. d5 Be7 6. Be3 0-0 7. f3 Nh5 8. Qd2 h6 9. Nge2 Bg5 10. g4 Bxe3 11. Qxe3 Qh4+ 12. Qf2 Qxf2+ 13. Kxf2 Nhf6 14. Nc1 a5 15. b3 Nc5 16. Nd3 Bd7 17. Be2 g6 18. Ke3 Kg7 19. h3 h5 20. Nxc5 dxc5 21. f4 exf4+ 22. Kxf4 Rae8 23. g5 Nh7 24. e5 Nxg5 25. Kxg5 Rxe5+ 26. Kf4 Rfe8 27. Rac1 Re3 28. h4 f6 29. Rhg1 Rh3 30. Rh1 Rhe3 31. Rhg1 Kh6 32. Bf3 Bf5 33. d6 cxd6 34. Bxb7 Bg4 35. Rxg4 hxg4 36. Ne4 Rd3 37. Bd5 Rd4 38. h5 f5 39. hxg6 Kxg6 40. Rg1 Rexe4+ 0-1

[Event "Stockerau op U18"]
[Site "Stockerau"]
[Date "1991.??.??"]
[Round "?"]
[White "Dereviagin, Vladislav"]
[Black "Georgiev, Vladimir"]
[Result "1/2-1/2"]
[WhiteElo "2260"]
[BlackElo "2290"]
[PlyCount "69"]
[EventDate "1991.??.??"]
[EventType "swiss"]
[EventRounds "9"]
[EventCountry "AUT"]
[SourceTitle "EXT 1997"]
[Source "ChessBase"]
[SourceDate "1996.11.15"]
[SourceVersion "1"]
[SourceVersionDate "1996.11.15"]
[SourceQuality "1"]

1. d4 g6 2. c4 Bg7 3. Nc3 d6 4. e4 e5 5. Nge2 Nc6 6. d5 Nce7 7. h4 h5 8. f3 c5 9. a3 f5 10. Bg5 Nf6 11. b4 b6 12. Nc1 0-0 13. Be2 Nh7 14. Be3 Nf6 15. Nd3 fxe4 16. fxe4 Ng4 17. Bg5 Bf6 18. Qd2 Kg7 19. 0-0 Ng8 20. bxc5 bxc5 21. Rab1 N8h6 22. Ne1 Bxg5 23. hxg5 Nf7 24. Nf3 Ba6 25. Rb3 Rb8 26. Rxb8 Qxb8 27. Rb1 Qc7 28. Nb5 Bxb5 29. Rxb5 a6 30. Rb3 Rb8 31. Bd1 Rxb3 32. Bxb3 Qb6 33. Qc3 Qd8 34. Qd2 Qb6 35. Qc3 1/2-1/2